| 000 | 00411cam a2200169ua 4500 | ||
|---|---|---|---|
| 020 | _c7.00 | ||
| 041 |
_ahin _h |
||
| 082 |
_a891.54 _bSHR/JA |
||
| 100 | _aShree Mydili, Sharan Gupt . | ||
| 245 |
_aJay Bharath / _cShree Mydili Sharan Gupt. _hTextual Documents |
||
| 260 |
_a : _bSahithya Sadan , _c1966. |
||
| 300 | _a452 ; . | ||
| 365 | _a7.00 | ||
| 504 | _a | ||
| 942 | _cBK | ||
| 999 |
_c12497 _d12497 |
||